000 01037nam a22002537a 4500
005 20240305165416.0
007 cr|||| ||||
008 130916c2013 co |||| s|||| 0||| 1spa d
035 _a11477
040 _avLex
090 _c4490
_d4490
100 1 _aAviles Urquiza, Rogelio
245 1 0 _aArtículos Jurídicos
_h[Recurso electrónico] /
_cRogelio Avilés Urquiza
256 _aServicio en línea
260 _a[s.l.] :
_bRogelio Aviles Urquiza,
_c2013
300 _a1 recurso electrónico
310 _aIrregular
362 _aNúm. 1 (2013) -
506 1 _aContenido solo disponible en los productos indicados
_dvLex Global
_dvLex Global (Academic Edition, excluding Law Schools)
_dvLex Global (U.S. Academic Edition, Law Schools)
_dvLex Global (U.S. Academic Edition, excluding Law Schools)
_dvLex Global (Academic Edition, Law Schools)
650 0 4 _aArtículos jurídicos
_zColombia
740 0 _avLex Revista (Servicio en línea)
856 4 0 _uhttps://app.vlex.com/#/sources/articulos-juridicos-11477
942 _cRAA
999 _c162852
_d162852